Missing Word: 'Avengers: Age of Ultron' Cast Quiz Stats

 Plays Quiz Updated May 15, 2016

Score 0/27 Timer 04:00
0 Plays Today
% Correct
Kick
92%
Bill
88.7%
Just
82.5%
Winter
78%
Pretty
75.7%
Django
75.7%
Darkness
75%
Anna
73.2%
Witch
69.9%
Black
69.2%
World
65.3%
Night
62.6%
Lies
58.4%
Don
55.1%
% Correct
Red
54.3%
Game
54.1%
Legacy
49.2%
Jackie
46.8%
Number
29.4%
Hustle
27.5%
Kill
23.1%
Boy
16.1%
Valley
16%
Arts
15.4%
Martha
11.2%
Saints
11.1%
Kings
7.6%

Today's Daily Dose

You're not logged in!

Compare scores with friends on all Sporcle quizzes.
OR
Log In

You Might Also Like...

Show Comments

Extras

Top Quizzes Today


Score Distribution

Your Account Isn't Verified!

In order to create a playlist on Sporcle, you need to verify the email address you used during registration. Go to your Sporcle Settings to finish the process.

Report this User

Report this user for behavior that violates our Community Guidelines.

Details: